Madden Mobile 16 Trivia - Statistics

General Stats
  • This quiz has been taken 560 times
  • The average score is 4 of 6
Answer Stats
Hint Answer % Correct
Who is the Mobile Master? Odell Beckham, Jr
87%
Who is the Domination player? Rob Gronkowski
82%
Who is the League vs. League KR? Devin Hester
71%
Who is the League vs. League WR? Jerry Rice
64%
Who is the League vs. League RB? Emmitt Smith
63%
Who is the 99 HB? Bo Jackson
57%
No matching quizzes found
Score Distribution
Percent of People with Each Score
Percentile by Number Answered
Your Score History
You have not taken this quiz